<Die> Entwicklung der Wirtschaftsordnungen Namibias und Tansanias - eine langfristige vergleichende Analyse Dissertation zur Erlangung des Grades eines Doktors der Wirtschaftswissenschaft, eingereicht an der Wirtschaftswissenschaftlichen Fakultät der Universität Regensburg

Guardado en:
Detalles Bibliográficos
Autor principal: Schuler, Curt
Formato: Libro
Lenguaje:alemán
Publicado: Weiden und Regensburg Eurotrans-Verlag 2003
Colección:Reihe Wirtschafts- und Sozialwissenschaften Band 38
Materias:
Etiquetas: Agregar Etiqueta
Sin Etiquetas, Sea el primero en etiquetar este registro!

MARC

LEADER 00000nam$a2200000$$$4500
001 0013143
005 20240315123139.4
020 |a 3-936400-06-7 
041 0 |a ger 
044 |a DE 
245 1 0 |a <Die> Entwicklung der Wirtschaftsordnungen Namibias und Tansanias - eine langfristige vergleichende Analyse  |b Dissertation zur Erlangung des Grades eines Doktors der Wirtschaftswissenschaft, eingereicht an der Wirtschaftswissenschaftlichen Fakultät der Universität Regensburg  |c Curt Schuler 
264 1 |a Weiden und Regensburg  |b Eurotrans-Verlag  |c 2003 
300 |a 228 s. 
490 1 |a Reihe Wirtschafts- und Sozialwissenschaften  |v Band 38 
830 0 |a Reihe Wirtschafts- und Sozialwissenschaften  |v Band 38 
610 2 0 |a riadenie hospodárske 
610 2 0 |a politika hospodárska 
610 2 0 |a vývoj 
610 2 0 |a analýzy 
610 2 0 |a história 
610 2 0 |a Namíbia 
610 2 0 |a Tanzánia 
100 1 |a Schuler, Curt